00861nam a2200217 a 450000100100000000500170001000800410002702000150006804000250008308200180010810000380012624500430016426000450020730000280025250000430028065000310032365000340035495201160038895201220050499900170062600002320720250716131306.0101130s1976 sp a r 000 0 spa d a8431504285 aDO-SdBNPbspacBNPHU a636.73bG633b1 aGómez Toldrá, Salvador94777613aEl boxer /cSalvador Gómez-Toldrá. aBarcelona, España :bDe Vecchi,c1976. a110 p. :bil. ;c21 cm. aIncluye notas al pie de las páginas. 4aPerros trabajadores947777 0aAnimales domésticos 947778 001050718MOaGRbGRcHDd2010-11-30iLF1l0o636.73 G633bp23207-10r2020-06-25w2020-06-25y1ZNo se presta 001150718MOaGRbGRcMId2017-05-19iLF1l0o636.73 G633bp23207-20r2020-06-25te. 2w2020-06-25y1ZNo se presta c22704d22704